000 00348nam a2200109Ia 4500
008 171211s9999 xx 000 0 und d
245 _aIslam and Christianity: Theological Themes in Comparative Perspective
245 _cGeorge Renard and John Renard
260 _c2011
650 _xReligion
856 _uhttp://down.ebook777.com/063/0520255089.pdf
999 _c350478
_d350478